Dans quels pays sont les plus grandes agglomérations d'Océanie ? - Statistiques

Statistiques générales
  • Ce quiz a été pris 67 fois
    7 depuis la dernière actualisation
  • Le résultat moyen est 23 sur 31
Statistiques - réponses
Hint Réponse % Correct
Melbourne Australie
100%
Sydney Australie
100%
Brisbane Australie
100%
Canberra Australie
100%
Darwin Australie
100%
Suva Fidji
100%
Perth Australie
86%
Adélaïde Australie
86%
Gold Coast Australie
86%
Newcastle Australie
86%
Sunshine Coast Australie
86%
Bendingo Australie
86%
Albury Australie
86%
Honiara Îles Salomon
86%
Auckland Nouvelle Zélande
86%
Wellington Nouvelle Zélande
86%
Port Moresby Papouasie Nouvelle Guinée
86%
Central Coast Australie
71%
Wollongong Australie
71%
Hobart Australie
71%
Cairns Australie
71%
Toowoomba Australie
71%
Ballarat Australie
71%
Geelong Australie
57%
Townsville Australie
57%
Christchurch Nouvelle Zélande
57%
Hamilton Nouvelle Zélande
43%
Dunedin Nouvelle Zélande
43%
Lae Papouasie Nouvelle Guinée
43%
Lower Hutt Nouvelle Zélande
29%
Tauranga Nouvelle Zélande
14%
Aucun quiz correspondant
Distribution des résultats
% des personnes avec chaque résultat
Percentile par nombre de réponses
Votre historique - résultats
Vous n’avez pas pris ce quiz depuis la dernière actualisation